000 00426nam a2200145Ia 4500
008 231129s1989||||xx |||||||||||||| ||spa||
020 _a84-7232-509-1
040 _bspa
082 _a976.402 D671s
100 _aDominguez Maria Esther
245 0 _aSan Antonio Tejas en la Epoca Colonial (1718-1821)
260 _c1989
264 _aEdiciones de Cultura Hispanica
942 _2ddc
_cBKS
999 _c24289
_d24289